000 01210nam0a22003131 4500
001 v19\rc\1579426
005 20230914130846.0
035 _a(NLR Aleph) 004706641
090 _a4142264
_c4142264
100 _a20061002d1893 |||y0rusy50 ca
101 0 _arus
102 _aRU
105 _aac z |||||
200 1 _aПолтава
_eС портр. автора и 4 илл.
_f[Соч.] А.С. Пушкина
205 _a3-е изд.
210 _aСанкт-Петербург
_cФ. Павленков
_dценз. 1893
215 _a69 с.
_cил., портр.
_d14
225 1 _aИллюстрированная Пушкинская библиотека
_v№ 6
300 _aПортр. типа Кипренского, грав. на дер. М. Ермолова
532 1 3 _aПолтава
700 1 _aПушкин
_bА. С.
_cпоэт
_f1799-1837
_gАлександр Сергеевич
_3RU\NLR\AUTH\77386
702 1 _aКипренский
_bО. А.
_f1782-1836
_gОрест Адамович
_4570
702 1 _aЕрмолов
_bМ. Н.
_4440
801 0 _aRU
_bNLR
_gpsbo
801 1 _aRU
_bProSoft-M
_2rusmarc
852 _aNLR
_jПушкин/2-П-49-22
942 _cBOOK
980 _aNB